000 01496cam a2200361 a 4500
001 EDZ0000085523
003 StDuBDS
005 20161031105158.0
006 m||||||||d||||||||
007 cr |||||||||||
008 120521s1998 cau fo| 001|0|eng|d
020 _a9781452243351 (ebook) :
_cNo price
040 _aStDuBDS
_beng
_cStDuBDS
_epn
049 _aAlfaisal Main Library
050 4 _aHF5549.5.R44
082 0 4 _a658.3111
_223
100 1 _aBarber, Alison E.
245 1 0 _aRecruiting employees
_h[electronic resource] :
_bindividual and organizational perspectives /
_cAlison E. Barber.
260 _aThousand Oaks, Calif. ;
_aLondon :
_bSAGE,
_c1998.
300 _a1 online resource (xi, 172 p.).
490 1 _aFoundations for organizational science
520 8 _aThis book describes the present state of knowledge about the processes by which organizations recruit new members. It discusses the three stages of recruitment and whether and how recruitment influences organizational outcomes.
521 _aSpecialized.
588 _aDescription based on print version record.
504 _aIncludes bibliographical references and index.
650 0 _aEmployees
_xRecruiting.
655 7 _aElectronic books.
_2local
710 2 _aSage eBooks
776 0 8 _iPrint version :
_z9780761909439
830 0 _aFoundations for organizational science.
856 4 0 _uhttp://ezproxy.alfaisal.edu/login?url=http://sk.sagepub.com/books/recruiting-employees
942 _2lcc
_cEBOOKS
999 _c481060
_d481060